| 000 | 00745nam a2200241 a 4500 | ||
|---|---|---|---|
| 999 |
_c3883 _d3883 |
||
| 003 | ALUPE UNIVERSITY COLLEGE | ||
| 005 | 20220218103107.0 | ||
| 008 | 811119s1981 mau b 001 0 eng | ||
| 020 | _a0316319740 | ||
| 040 | _cALUPE UNIVERSITY COLLEGE | ||
| 050 | 0 | 0 |
_aRD119 _b.G65 1981 |
| 100 | 1 | _aGoldwyn, Robert M. | |
| 245 | 1 | 4 |
_aThe patient and the plastic surgeon / _cRobert M. Goldwyn. |
| 250 | _a1st ed. | ||
| 260 |
_aBoston : _bLittle, Brown, _cc1981. |
||
| 300 |
_axiii, 255 p. : _c24 cm. |
||
| 500 | _aIncludes index. | ||
| 504 | _aBibliography: p. 215-222. | ||
| 650 | 0 |
_aSurgery, Plastic _xPsychological aspects. |
|
| 650 | 0 | _aPhysician and patient. | |
| 906 |
_a7 _bcbc _corignew _d2 _eopcn _f19 _gy-gencatlg |
||
| 942 |
_2lcc _cBK |
||